| 000 | 00721cam a2200217 4500 | ||
|---|---|---|---|
| 001 | B176 | ||
| 008 | 090401t1986 xxu||||| |||| 00| 0 eng d | ||
| 035 | _a(Sirsi) u34017 | ||
| 041 | _aeng | ||
| 050 | _a025.4669 | ||
| 110 |
_aInternational Council for Building Research Studies and Documentation _91423 |
||
| 245 | 2 | _aA practice manual on the use of SfB the classification system for project and general information in the building industry | |
| 260 |
_aDublin _bNational Inst. for Physical Planning and _c1986 |
||
| 300 | _avi,122p.,3 folded leaves of plates : ill. ; 30cm. | ||
| 350 | _a0 | ||
| 490 |
_aCIB Publication _v55 |
||
| 650 | _aINFORMATION | ||
| 650 | _aTHESAURI | ||
| 942 | _n0 | ||
| 948 | _c04/03/1997 | ||
| 999 |
_c89895 _d89895 |
||